000 nam a22 7a 4500
999 _c8730
_d8730
008 180119b ||||| |||| 00| 0 eng d
100 _aKalpana
_95083
245 _aEnvironmental Science
260 _aNew Delhi
_bPrachi
_c2009